000 00301nam a22001457a 4500
008 221006b ||||| |||| 00| 0 eng d
020 _a1556640846
041 _aeng
080 _a617
082 _a617
100 _a15
101 _aORO
245 _aFACIAL FRACTURES
_cHABAL
942 _2udc
_cBK
999 _c58395
_d58395